| 000 | 00892nam a2200217 i 4500 | ||
|---|---|---|---|
| 001 | 13298 | ||
| 003 | ES-MaACL | ||
| 005 | 20230906150537.0 | ||
| 007 | t| | ||
| 008 | 980127s1996 sp ||||1| spa d | ||
| 020 | _a84-89492-44-1 | ||
| 080 | _a061.236.61(460)"19"(063) | ||
| 111 | 2 |
_aSymposium Internacional de Historia de la Masonería Española ( _n7º. _d1995. _cToledo) _91104 |
|
| 245 | 1 | 3 |
_aLa masonería en la España del siglo XX / _cVII Symposium Internacional de Historia de la Masonería Española, Toledo del 17 al 20 de abril de 1995 ; J. A. Ferrer Benimeli, coordinador. |
| 260 |
_aToledo : _bUniversidad de Castilla-La Mancha [etc.], _c1996. |
||
| 300 |
_a2 v. ; _c25 cm. |
||
| 610 | 2 |
_aMasonería- _zEspaña- _yS.XX. _95664 |
|
| 700 | 1 |
_aFerrer Benimeli, José A. _950445 |
|
| 710 | 2 |
_aUniversidad de Castilla-La Mancha. _9144367 |
|
| 852 |
_aES-MaACL _jL-20655-56 _bR.125784 |
||
| 999 |
_c13298 _d13298 |
||